Speed Literature Quiz Stats

 Plays Quiz Updated Apr 24, 2015

Also try: Speed Geography
Challenge
Share
Tweet
Embed
Score 0/20 Timer 02:00
4 Plays Today
Question Answer % Correct
What is the color of the ham in Dr Seuss' book?Green
92.2%
Who falls down a rabbit hole to enter Wonderland?Alice
92.2%
Who wrote the poem, The Raven?Edgar Allan Poe
91%
Name one of the five winners of the Willy Wonka Golden Ticket:Charlie Bucket...
90.7%
What is the name of the human child in the Winnie-the-Pooh stories?Christopher Robin
83.1%
Complete the book title: The ______ UltimatumBourne
82.6%
How many meals are taken daily by Hobbits?Seven
78.4%
Name one of the children from the Lion, the Witch and the Wardrobe:Peter...
77.6%
Sir Arthur Conan Doyle created which famous literary detective?Sherlock Holmes
72.4%
Who wrote 'The Shining'?Stephen King
60.6%
Question Answer % Correct
'The Great Hall, Monsieur the Cardinal and Claude Frollo' are all chapters in which Victor Hugo novel?The Hunchback of Notre Dame
55%
What is the meaning of life (according to Hitchhiker's Guide to the Galaxy)?42
44.9%
'It was a pleasure to burn.' was the first line of which book?Fahrenheit 451
44.6%
What is the name of the protagonist in the book 1984?Winston Smith
37.3%
Dan Brown's 'The Lost Symbol' was set in which American city?Washington D.C
36.6%
Percy Jackson is the son of what Greek God?Poseidon
34.4%
Poet Pablo Neruda was born in which country?Chile
29.9%
What was the first book in the Series of Unfortunate Events series?The Bad Beginning
23.9%
What country is fictional billionaire Artemis Fowl from?Ireland
22.8%
The book Stormbreaker features which teenage spy?Alex Rider
19.8%

You're not logged in!

Compare scores with friends on all Sporcle quizzes.
Join for Free
OR
Log In

You Might Also Like...

Show Comments

Extras

Top Quizzes Today


Score Distribution

Your Account Isn't Verified!

In order to create a playlist on Sporcle, you need to verify the email address you used during registration. Go to your Sporcle Settings to finish the process.

Report this User

Report this user for behavior that violates our Community Guidelines.

Details: